[Event "Budapest for the Tournament Player: 1500 - 2000"]
[Site "SchemingMind.com"]
[Date "2006.12.22"]
[Round "-"]
[White "cnbcad"]
[Black "ivan"]
[Result "0-1"]
[WhiteCountry "USA"]
[BlackCountry "CRO"]
[WhiteElo "1455"]
[WhiteRD "52"]
[BlackElo "1580"]
[BlackRD "68"]
[GameID "83003"]

1. d4 Nf6 2. c4 e5 3. dxe5 Ng4 4. f4 f6 5. e3 d6 6. h3 Nh6 7. c5 dxe5 8. Qxd8+ Kxd8 9. b4 b6 10. cxb6 Bxb4+
11. Bd2 Bxd2+ 12. Nxd2 cxb6 13. Rd1 Bb7 14. Nc4+ Kc7 15. Rc1 Nc6 16. fxe5 fxe5 17. Nxe5 Rac8 18. Bb5 Kd6 19. Ngf3 Nxe5 20. O-O Nxf3+
21. gxf3 Rxc1 22. Rxc1 Bxf3 23. Kf2 Rf8 24. Ke1 Bg2 25. h4 Nf5 26. Rc2 Nxe3 27. Re2 Bf1 28. Rd2+ Ke5 29. Bxf1 Nxf1 30. Re2+ Kd6
31. Rg2 g6 32. a4 Ne3 33. Rb2 Nc4 34. Rb1 Ne5 35. Rd1+ Kc7 36. Rd5 Nf3+ 37. Ke2 Nxh4 38. Rd1 Nf5 39. Rc1+ Kb7
0-1

[Event "Budapest for the Tournament Player: 1500 - 2000"]
[Site "SchemingMind.com"]
[Date "2006.12.21"]
[Round "-"]
[White "ivan"]
[Black "cnbcad"]
[Result "1-0"]
[WhiteCountry "CRO"]
[BlackCountry "USA"]
[WhiteElo "1580"]
[WhiteRD "68"]
[BlackElo "1455"]
[BlackRD "52"]
[GameID "83004"]

1. d4 Nf6 2. c4 e5 3. dxe5 Ne4 4. e3 Nxf2 5. Kxf2 Qh4+ 6. g3 Qe4 7. Nf3 d6 8. exd6 Bg4 9. dxc7 Nc6 10. Bd3 Qe7
11. h3 Bxf3 12. Qxf3 Ne5 13. Qxb7 Nxd3+ 14. Ke2 Rd8 15. c8=Q Rxc8 16. Qxc8+ Qd8 17. Qxd8+
1-0

[Event "Budapest for the Tournament Player: 1500 - 2000"]
[Site "SchemingMind.com"]
[Date "2006.12.27"]
[Round "-"]
[White "mtrx"]
[Black "cnbcad"]
[Result "1-0"]
[WhiteCountry "PHI"]
[BlackCountry "USA"]
[WhiteElo "1618"]
[WhiteRD "75"]
[BlackElo "1535"]
[BlackRD "59"]
[GameID "83254"]

1. d4 Nf6 2. c4 e5 3. dxe5 Ng4 4. Bf4 Bc5 5. e3 d6 6. Be2 Bb4+ 7. Nc3 Bxc3+ 8. bxc3 Nxe5 9. Bxe5 dxe5 10. Bf3 Qxd1+
11. Rxd1 O-O 12. Ne2 c6 13. O-O Bf5 14. Ng3 Be6 15. c5 Nd7 16. Ne4 Bxa2 17. Rxd7 Bc4 18. Rfd1 b5 19. Nd6 Be6 20. Bxc6 Bxd7
21. Bxd7 a6 22. c6 a5 23. c7 a4 24. c8=Q Raxc8 25. Nxc8 Rd8 26. Nb6 a3 27. Ra1 Rb8 28. Rxa3 Rxb6 29. Ra8+
1-0

[Event "Budapest for the Tournament Player: 1500 - 2000"]
[Site "SchemingMind.com"]
[Date "2006.12.27"]
[Round "-"]
[White "mtrx"]
[Black "ivan"]
[Result "0-1"]
[WhiteCountry "PHI"]
[BlackCountry "CRO"]
[WhiteElo "1491"]
[WhiteRD "70"]
[BlackElo "1606"]
[BlackRD "71"]
[GameID "83255"]

1. d4 Nf6 2. c4 e5 3. dxe5 Ng4 4. Nf3 Nc6 5. h3 Ngxe5 6. Nxe5 Nxe5 7. e4 Bb4+ 8. Bd2 Bxd2+ 9. Nxd2 O-O 10. Be2 d6
11. O-O Be6 12. Qc2 Qg5 13. f4 Nf3+ 14. Rxf3 Qg6 15. f5 Bxf5 16. exf5 Qf6 17. Raf1 Rfe8 18. Bd3 Qd4+ 19. Kh1 Re7 20. Ne4 f6
21. b4 Rae8 22. Rf4 Qe5 23. c5 dxc5
0-1

[Event "Budapest for the Tournament Player: 1500 - 2000"]
[Site "SchemingMind.com"]
[Date "2006.12.23"]
[Round "-"]
[White "cnbcad"]
[Black "mtrx"]
[Result "1-0"]
[WhiteCountry "USA"]
[BlackCountry "PHI"]
[WhiteElo "1565"]
[WhiteRD "51"]
[BlackElo "1481"]
[BlackRD "76"]
[GameID "83256"]

1. d4 Nf6 2. c4 e5 3. dxe5 Ne4 4. e3 Nc6 5. Nf3 Bb4+ 6. Bd2 Bxd2+ 7. Nbxd2 Nxd2 8. Qxd2 O-O 9. Qd3 d6 10. Qe4 dxe5
11. Bd3 f5 12. Qd5+ Qxd5 13. cxd5 e4 14. dxc6 exd3 15. cxb7 Bxb7 16. Rd1 Be4 17. O-O Rab8 18. Nd2 Rxb2 19. f3 Bd5 20. e4 fxe4
21. fxe4 Rxf1+ 22. Kxf1 Bxa2 23. Nf3 Rb1 24. Ke1 Rxd1+ 25. Kxd1 c5 26. Kd2 c4 27. e5 Kf7 28. Nd4 a5 29. Nc2
1-0

[Event "Budapest for the Tournament Player: 1500 - 2000"]
[Site "SchemingMind.com"]
[Date "2006.12.22"]
[Round "-"]
[White "ivan"]
[Black "mtrx"]
[Result "0-1"]
[WhiteCountry "CRO"]
[BlackCountry "PHI"]
[WhiteElo "1606"]
[WhiteRD "71"]
[BlackElo "1491"]
[BlackRD "70"]
[GameID "83257"]

1. d4 Nf6 2. c4 e5 3. dxe5 Ng4 4. Nf3 Bc5 5. e3 Nc6 6. Be2 d6 7. exd6 Bxd6 8. O-O Be6 9. Nc3 Nce5 10. Nxe5 Nxe5
11. Nd5 c6 12. Nf4 Qc7 13. Nxe6 fxe6 14. b3 O-O-O 15. Bb2 h5 16. Bxh5 g5 17. f4 Bc5 18. Qe2 gxf4 19. Rxf4 Rxh5 20. Bd4 Bxd4
21. exd4 Rdh8 22. dxe5 Rxh2 23. Raf1 Qb6+
0-1

[Event "Budapest for the Tournament Player: 1500 - 2000"]
[Site "SchemingMind.com"]
[Date "2006.12.24"]
[Round "-"]
[White "jtrochez1"]
[Black "cnbcad"]
[Result "1-0"]
[WhiteCountry "HON"]
[BlackCountry "USA"]
[WhiteElo "1529"]
[WhiteRD "47"]
[BlackElo "1455"]
[BlackRD "52"]
[GameID "83496"]

1. d4 Nf6 2. c4 e5 3. dxe5 Ng4 4. Nf3 Nc6 5. a3 Ngxe5 6. e3 Nxf3+ 7. Qxf3 d6 8. b4 Ne5 9. Qg3 g6 10. Bb2 Bg7
11. Nc3 Bf5 12. Be2 Bd3 13. O-O Bxe2 14. Nxe2 Nf3+ 15. Qxf3 Bxb2 16. Ra2 Be5 17. Qxb7 O-O 18. Nd4 c5 19. Nc6 Qh4 20. Nxe5 dxe5
21. e4 cxb4 22. axb4 Rab8 23. Qd5 Rxb4 24. Rxa7 Qf4 25. Re1 Rb2 26. Rf1 Rd2 27. Qc6 Rd4 28. Rd7 Rxe4 29. c5 Re2 30. Qd6 Qf5
31. c6 e4 32. Qg3 Qc5 33. c7 e3 34. fxe3 Rxe3 35. Qf2 Rc3 36. Qxc5 Rxc5 37. Re1 Kg7 38. Ree7 Rc1+ 39. Kf2 Rc2+ 40. Ke3 h5
41. Kd3 Rc6 42. Kd4 h4 43. h3 g5 44. Kd5 Rc1= 45. Re5 Rc8 46. Kd6 Rc2 47. Rc5 Rd2+ 48. Kc6
1-0

[Event "Budapest for the Tournament Player: 1500 - 2000"]
[Site "SchemingMind.com"]
[Date "2006.12.28"]
[Round "-"]
[White "jtrochez1"]
[Black "mtrx"]
[Result "0-1"]
[WhiteCountry "HON"]
[BlackCountry "PHI"]
[WhiteElo "1511"]
[WhiteRD "47"]
[BlackElo "1637"]
[BlackRD "66"]
[GameID "83497"]

1. d4 Nf6 2. c4 e5 3. dxe5 Ne4 4. Nd2 Nxd2 5. Bxd2 d6 6. Bc3 Be6 7. b3 Be7 8. e4 Nc6 9. exd6 Bxd6 10. Be2 Qg5
11. Bf3 O-O-O 12. Qe2 Bb4 13. Bxb4 Nxb4 14. Rd1 Rxd1+ 15. Qxd1 Rd8 16. Qe2 Nd3+ 17. Kf1 Nb4 18. Qb2 Bg4 19. h4 Qf4 20. Nh3 Bxf3
21. gxf3 Qxf3 22. Kg1 Rd1+ 23. Kh2 Rxh1#
0-1

[Event "Budapest for the Tournament Player: 1500 - 2000"]
[Site "SchemingMind.com"]
[Date "2006.12.23"]
[Round "-"]
[White "jtrochez1"]
[Black "ivan"]
[Result "1-0"]
[WhiteCountry "HON"]
[BlackCountry "CRO"]
[WhiteElo "1592"]
[WhiteRD "50"]
[BlackElo "1537"]
[BlackRD "76"]
[GameID "83498"]

1. d4 Nf6 2. c4 e5 3. dxe5 Ng4 4. Bf4 Nc6 5. h3 Ngxe5 6. e3 Bb4+ 7. Nc3 O-O 8. Be2 d6 9. Nf3 Be6 10. Bxe5 Nxe5
11. Nxe5 dxe5 12. O-O Bxc3 13. bxc3 c5 14. e4 Qd7 15. Qxd7 Bxd7 16. a4 Bc6 17. f3 Rfd8 18. Rfd1 Rac8 19. a5 Rc7 20. Rxd8+
1-0

[Event "Budapest for the Tournament Player: 1500 - 2000"]
[Site "SchemingMind.com"]
[Date "2006.12.23"]
[Round "-"]
[White "cnbcad"]
[Black "jtrochez1"]
[Result "0-1"]
[WhiteCountry "USA"]
[BlackCountry "HON"]
[WhiteElo "1455"]
[WhiteRD "52"]
[BlackElo "1529"]
[BlackRD "47"]
[GameID "83499"]

1. d4 Nf6 2. c4 e5 3. dxe5 Ng8 4. Nf3 Nc6 5. b3 h6 6. Bf4 d6 7. exd6 Bxd6 8. Bxd6 cxd6 9. e3 Nf6 10. Bd3 O-O
11. Nc3 a6 12. a3 Be6 13. Qc2 Ne7 14. Ne4 Nxe4 15. Bxe4 d5 16. Bh7+ Kh8 17. cxd5 Rc8 18. Qe4 Bxd5 19. Qg4 Be6 20. Qe4 g6
21. Bxg6 Nxg6 22. O-O b5 23. h4 Qb6 24. h5 f5 25. Qb1 Ne7 26. Qb2+ Kg8 27. Nd4 Bd7 28. Rad1 Qf6 29. b4 Rc4 30. Qb3 Nc8
31. Ne2 Be6 32. Qd3 Rc7 33. Qb1 Bc4 34. Rfe1 Bxe2 35. Rxe2 Qg5 36. Qa2+ Kh7 37. Red2 Qxh5 38. Rd7+ Rxd7 39. Rxd7+ Kg6 40. Qe6+ Kg5
41. Rg7+ Kh4 42. Rg6 Qd1+ 43. Kh2 Qd6+ 44. g3+ Kh5 45. Rxh6+ Kg4 46. Qxd6 Nxd6 47. Rxd6 Ra8 48. Kg2 a5 49. f3+ Kg5 50. e4 fxe4
51. f4+ Kf5 52. Rh6 axb4 53. axb4 Ra2+ 54. Kf1 Kg4 55. Rg6+ Kf3 56. f5 Ra1#
0-1

[Event "Budapest for the Tournament Player: 1500 - 2000"]
[Site "SchemingMind.com"]
[Date "2006.12.28"]
[Round "-"]
[White "mtrx"]
[Black "jtrochez1"]
[Result "1-0"]
[WhiteCountry "PHI"]
[BlackCountry "HON"]
[WhiteElo "1637"]
[WhiteRD "66"]
[BlackElo "1511"]
[BlackRD "47"]
[GameID "83500"]

1. d4 Nf6 2. c4 e5 3. dxe5 Ng8 4. Nf3 Nc6 5. Nc3 h6 6. e3 Bb4 7. Bd2 d6 8. a3 Bxc3 9. Bxc3 Nge7 10. exd6 O-O
11. dxe7 Nxe7 12. Qc2 Bf5 13. e4 Bh7 14. Be2 c5 15. Rd1 Qe8 16. Bd3 Qc8 17. O-O Ng6 18. b4 b6 19. e5 Qc7 20. e6 fxe6
21. Bxg6 Bxg6 22. Qxg6 Qf7 23. Qg3 a5 24. bxc5 bxc5 25. Qd6 Rfc8 26. Rfe1 Re8 27. Qxc5
1-0

[Event "Budapest for the Tournament Player: 1500 - 2000"]
[Site "SchemingMind.com"]
[Date "2006.12.23"]
[Round "-"]
[White "ivan"]
[Black "jtrochez1"]
[Result "1-0"]
[WhiteCountry "CRO"]
[BlackCountry "HON"]
[WhiteElo "1580"]
[WhiteRD "68"]
[BlackElo "1529"]
[BlackRD "47"]
[GameID "83501"]

1. d4 Nf6 2. c4 e5 3. dxe5 Ng8 4. Nf3 Bb4+ 5. Bd2 Bxd2+ 6. Qxd2 h6 7. e3 Ne7 8. Bd3 Nbc6 9. O-O O-O 10. Nc3 a6
11. Nd5 d6 12. exd6 cxd6 13. Nxe7+ Qxe7 14. Nd4 Nxd4 15. exd4 Bd7 16. Rfe1 Qh4 17. Re4 Qd8 18. d5 Bf5 19. Re3 Bxd3 20. Qxd3 Qf6
21. Qd2 Rae8 22. Rae1 Qd8 23. Qe2 Rxe3 24. Qxe3 Qc7 25. b3 b6 26. Qe4 Qc5 27. Qe7 Qa3 28. Re2 Rc8 29. h3 Rf8 30. Qc7 Qc5
31. Qxc5 bxc5 32. Re7 f5 33. Kf1 f4 34. f3 g5 35. Re6 h5 36. Rxd6 g4 37. Rxa6 Rf5 38. hxg4 hxg4 39. Re6 Kf7 40. Re2 g3
41. Ke1 Rf6 42. Kd2 Rd6 43. Kc2 Ra6 44. Kb2 Rd6 45. Re4
1-0

[Event "Budapest for the Tournament Player: 1500 - 2000"]
[Site "SchemingMind.com"]
[Date "2006.12.24"]
[Round "-"]
[White "ekulrac"]
[Black "cnbcad"]
[Result "1-0"]
[WhiteCountry "SCO"]
[BlackCountry "USA"]
[WhiteElo "1711"]
[WhiteRD "53"]
[BlackElo "1455"]
[BlackRD "52"]
[GameID "83534"]

1. d4 Nf6 2. c4 e5 3. dxe5 Ng4 4. e3 Nxe5 5. Nf3 Nxc4 6. Bxc4 c6 7. e4 b5 8. Bb3 Bb4+ 9. Nc3 Qa5 10. Bd2 Bxc3
11. Bxc3 Qb6 12. Qd6 f6 13. e5 Qd8 14. O-O Qe7 15. Rfe1 Qxd6 16. exd6+ Kf8 17. Re7 c5 18. Rf7+ Kg8 19. Bd5
1-0

[Event "Budapest for the Tournament Player: 1500 - 2000"]
[Site "SchemingMind.com"]
[Date "2006.12.24"]
[Round "-"]
[White "ekulrac"]
[Black "jtrochez1"]
[Result "1-0"]
[WhiteCountry "SCO"]
[BlackCountry "HON"]
[WhiteElo "1711"]
[WhiteRD "53"]
[BlackElo "1529"]
[BlackRD "47"]
[GameID "83535"]

1. d4 Nf6 2. c4 e5 3. dxe5 Ng8 4. e4 Nc6 5. Nf3 h6 6. Be2 d6 7. Bf4 Be6 8. exd6 Bxd6 9. Bxd6 cxd6 10. O-O Nge7
11. Nc3 a6 12. a3 O-O 13. Qc2 Ng6 14. Nd5 Bxd5 15. exd5 Nce7 16. g3 Rc8 17. Rfd1 Qb6 18. h4 Qa7 19. h5 Nh8 20. Bd3 f5
21. Qe2 Rce8 22. Qe6+ Nf7 23. Re1 b6 24. Nh4 Kh8 25. Nxf5 Nxf5 26. Qxe8 Rxe8 27. Rxe8+ Kh7 28. Bxf5+ g6 29. hxg6+ Kg7 30. gxf7 Qxf7
31. Rae1 Qxf5 32. R1e7+ Kg6 33. Rg8+ Kh5 34. g4+
1-0

[Event "Budapest for the Tournament Player: 1500 - 2000"]
[Site "SchemingMind.com"]
[Date "2006.12.28"]
[Round "-"]
[White "ekulrac"]
[Black "mtrx"]
[Result "1-0"]
[WhiteCountry "SCO"]
[BlackCountry "PHI"]
[WhiteElo "1712"]
[WhiteRD "49"]
[BlackElo "1637"]
[BlackRD "66"]
[GameID "83536"]

1. d4 Nf6 2. c4 e5 3. dxe5 Ne4 4. a3 Bc5 5. e3 d6 6. Bd3 Qh4 7. Bxe4 O-O 8. Qc2 dxe5 9. Nf3 Qh5 10. O-O f5
11. Bd5+ Kh8 12. Nxe5 c6 13. Bf3 Qe8 14. Nd3 Na6 15. b4 Be7 16. Bb2 Bf6 17. Nd2 Qg6 18. b5 cxb5 19. Bxf6 Qxf6 20. cxb5 Nc7
21. Qxc7
1-0

[Event "Budapest for the Tournament Player: 1500 - 2000"]
[Site "SchemingMind.com"]
[Date "2006.12.24"]
[Round "-"]
[White "ekulrac"]
[Black "ivan"]
[Result "1-0"]
[WhiteCountry "SCO"]
[BlackCountry "CRO"]
[WhiteElo "1712"]
[WhiteRD "49"]
[BlackElo "1548"]
[BlackRD "68"]
[GameID "83537"]

1. d4 Nf6 2. c4 e5 3. dxe5 Ng4 4. e3 Nxe5 5. Nf3 Nbc6 6. Nc3 Bb4 7. Bd2 O-O 8. a3 Bxc3 9. Bxc3 d6 10. Be2 b6
11. O-O Bb7 12. Qc2 Re8 13. b4 Qe7 14. Qb2 Rad8 15. Rad1 Qe6 16. Nd4 Nxd4 17. Bxd4 Qg6 18. f3 Bc8 19. c5 Bh3 20. Bb5 c6
21. Bxe5 dxe5 22. Bc4 b5 23. Ba2 Qg5 24. Qf2 Qg6 25. Bb1 Bf5 26. e4 Be6 27. Rd6 Rxd6 28. cxd6 Rd8 29. Qxa7 Rxd6 30. Qb8+
1-0

[Event "Budapest for the Tournament Player: 1500 - 2000"]
[Site "SchemingMind.com"]
[Date "2006.12.23"]
[Round "-"]
[White "cnbcad"]
[Black "ekulrac"]
[Result "0-1"]
[WhiteCountry "USA"]
[BlackCountry "SCO"]
[WhiteElo "1455"]
[WhiteRD "52"]
[BlackElo "1711"]
[BlackRD "53"]
[GameID "83538"]

1. d4 Nf6 2. c4 e5 3. dxe5 Ng4 4. f4 Bc5 5. e3 Bxe3 6. Bxe3 Nxe3 7. Qe2 Nxf1 8. Qxf1 d5 9. Nf3 Nc6 10. Nc3 d4
11. Nd5 Bf5 12. c5 O-O 13. Nf6+ gxf6 14. exf6 Re8+ 15. Kf2 d3 16. Rd1 Nd4 17. Ne5 Nc2 18. g4 Qd4+ 19. Kg3 Rxe5 20. fxe5 Qxg4+
21. Kf2 Qh4+
0-1

[Event "Budapest for the Tournament Player: 1500 - 2000"]
[Site "SchemingMind.com"]
[Date "2006.12.23"]
[Round "-"]
[White "jtrochez1"]
[Black "ekulrac"]
[Result "0-1"]
[WhiteCountry "HON"]
[BlackCountry "SCO"]
[WhiteElo "1529"]
[WhiteRD "47"]
[BlackElo "1711"]
[BlackRD "53"]
[GameID "83539"]

1. d4 Nf6 2. c4 e5 3. dxe5 Ng4 4. Nf3 Nc6 5. b3 Bb4+ 6. Bd2 Bxd2+ 7. Nbxd2 Ngxe5 8. Nxe5 Nxe5 9. Qc2 O-O 10. e4 d6
11. Be2 f5 12. O-O-O fxe4 13. Nxe4 Bf5 14. f3 Nc6 15. Qc3 Bxe4 16. fxe4 Qg5+ 17. Qd2 Qxd2+ 18. Rxd2 Rf2 19. Bf3 Rxd2 20. Kxd2 a5
21. a4 Rf8 22. Kc3 Ne5 23. Rf1 Rf4 24. h3 g5 25. Rf2 h5 26. Kd4 Nc6+ 27. Kd5 g4 28. hxg4 hxg4 29. g3 Rxf3 30. Rb2 Kf7
31. c5 Nb4+ 32. Kd4 dxc5+ 33. Kc4 Rxg3 34. Kxc5 Nd3+
0-1

[Event "Budapest for the Tournament Player: 1500 - 2000"]
[Site "SchemingMind.com"]
[Date "2006.12.28"]
[Round "-"]
[White "mtrx"]
[Black "ekulrac"]
[Result "1/2-1/2"]
[WhiteCountry "PHI"]
[BlackCountry "SCO"]
[WhiteElo "1637"]
[WhiteRD "66"]
[BlackElo "1712"]
[BlackRD "49"]
[GameID "83540"]

1. d4 Nf6 2. c4 e5 3. dxe5 Ng4 4. Nf3 Nc6 5. Bf4 Bb4+ 6. Nbd2 Qe7 7. a3 Bc5 8. e3 Ngxe5 9. Be2 a5 10. Nb3 d6
11. O-O O-O 12. Qc2 Ng6 13. Bg3 Be6 14. Nxc5 dxc5 15. Bd3 a4 16. Rab1 Na5 17. Qxa4 Nxc4 18. Qb5 Nb6 19. b4 c4 20. Bxg6 hxg6
21. Nd4 Nd5 22. Nxe6 Qxe6 23. Qxc4 Rxa3 24. e4 Nf4 25. Qxc7 Ne2+ 26. Kh1 Nxg3+ 27. fxg3 b6 28. Rfe1 Rc8 29. Qf4 Rac3 30. h3 Qc6
31. Rf1 f6 32. g4 Rc4 33. Rfe1 Rc2 34. Qf3 Rc3 35. Qf4 Qc4 36. Qd6 b5 37. e5 Qf4 38. Qd5+ Kh7 39. e6 Rc1 40. Rbxc1 Rxc1
41. Rxc1 Qxc1+ 42. Kh2=
1/2-1/2

[Event "Budapest for the Tournament Player: 1500 - 2000"]
[Site "SchemingMind.com"]
[Date "2006.12.23"]
[Round "-"]
[White "ivan"]
[Black "ekulrac"]
[Result "0-1"]
[WhiteCountry "CRO"]
[BlackCountry "SCO"]
[WhiteElo "1580"]
[WhiteRD "68"]
[BlackElo "1711"]
[BlackRD "53"]
[GameID "83541"]

1. d4 Nf6 2. c4 e5 3. dxe5 Ng4 4. Nf3 Nc6 5. e3 Bb4+ 6. Bd2 Bxd2+ 7. Qxd2 Ngxe5 8. Nxe5 Nxe5 9. Be2 O-O 10. O-O d6
11. Nc3 Re8 12. b3 Qh4 13. h3 Bxh3 14. gxh3 Qxh3 15. Qd5 Re6 16. Bf3 Nxf3+
0-1

[Event "Budapest for the Tournament Player: 1500 - 2000"]
[Site "SchemingMind.com"]
[Date "2006.12.28"]
[Round "-"]
[White "mark"]
[Black "cnbcad"]
[Result "0-1"]
[WhiteCountry "GBR"]
[BlackCountry "USA"]
[WhiteElo "1408"]
[WhiteRD "98"]
[BlackElo "1493"]
[BlackRD "55"]
[GameID "83945"]

1. d4 Nf6 2. c4 e5 3. dxe5 Ng8 4. Nf3 Nc6 5. Nc3 Bb4 6. a3 Bxc3+ 7. bxc3 d6 8. exd6 Qxd6 9. Qb3 Na5 10. Qa4+ Nc6
11. Bb2 Ne7 12. Rd1 Qc5 13. e3 Bg4 14. Qb5 Qxb5 15. cxb5 Na5 16. Be2 O-O
0-1

[Event "Budapest for the Tournament Player: 1500 - 2000"]
[Site "SchemingMind.com"]
[Date "2006.12.28"]
[Round "-"]
[White "mark"]
[Black "jtrochez1"]
[Result "0-1"]
[WhiteCountry "GBR"]
[BlackCountry "HON"]
[WhiteElo "1408"]
[WhiteRD "98"]
[BlackElo "1511"]
[BlackRD "47"]
[GameID "83946"]

1. d4 Nf6 2. c4 e5 3. dxe5 Ng8 4. a3 Nc6 5. Nf3 d6 6. Nc3 Be7 7. c5 Be6 8. exd6 cxd6 9. Bf4 d5 10. Nb5 Kf8
11. Nc7 Rc8 12. Nxe6+ fxe6 13. e3 a6 14. Nd4 Nxd4 15. exd4 Nf6 16. Bd3 Kf7 17. O-O Re8 18. Be5 Rh8 19. Qf3 Kg8 20. b4 Qf8
21. Qh3 Qf7 22. Rfe1 Bd8
0-1

[Event "Budapest for the Tournament Player: 1500 - 2000"]
[Site "SchemingMind.com"]
[Date "2007.01.01"]
[Round "-"]
[White "mark"]
[Black "mtrx"]
[Result "0-1"]
[WhiteCountry "GBR"]
[BlackCountry "PHI"]
[WhiteElo "1408"]
[WhiteRD "98"]
[BlackElo "1637"]
[BlackRD "66"]
[GameID "83947"]

1. d4 Nf6 2. c4 e5 3. dxe5 Ng4 4. Qd5 d6 5. f4 c6 6. Qf3 dxe5 7. h3 Nh6 8. g3 Bb4+ 9. Bd2 Bxd2+ 10. Nxd2 Qf6
11. O-O-O Be6 12. Ne4 Qe7
0-1

[Event "Budapest for the Tournament Player: 1500 - 2000"]
[Site "SchemingMind.com"]
[Date "2006.12.28"]
[Round "-"]
[White "mark"]
[Black "ivan"]
[Result "0-1"]
[WhiteCountry "GBR"]
[BlackCountry "CRO"]
[WhiteElo "1408"]
[WhiteRD "98"]
[BlackElo "1548"]
[BlackRD "68"]
[GameID "83948"]

1. d4 Nf6 2. c4 e5 3. dxe5 Ng4 4. Nc3 Nxe5 5. Qd5 d6 6. Qb5+ Qd7 7. Qb3 Be7 8. Nd5 O-O 9. Nf3 Nbc6 10. Nxe5 Nxe5
11. e4 c6
0-1

[Event "Budapest for the Tournament Player: 1500 - 2000"]
[Site "SchemingMind.com"]
[Date "2006.12.28"]
[Round "-"]
[White "mark"]
[Black "ekulrac"]
[Result "0-1"]
[WhiteCountry "GBR"]
[BlackCountry "SCO"]
[WhiteElo "1408"]
[WhiteRD "98"]
[BlackElo "1712"]
[BlackRD "49"]
[GameID "83949"]

1. d4 Nf6 2. c4 e5 3. dxe5 Ng4 4. Nc3 Nxe5 5. Qd5 d6 6. f4 Ng6 7. Qe4+ Be7 8. f5 Ne5 9. Bf4 Nbc6 10. Nd5 O-O
11. e3 a5 12. O-O-O Re8 13. Nf3 Bd7 14. Nxe5 dxe5 15. Nxe7+ Qxe7 16. Bg3 Rad8 17. a3 a4 18. Bd3 f6
0-1

[Event "Budapest for the Tournament Player: 1500 - 2000"]
[Site "SchemingMind.com"]
[Date "2006.12.27"]
[Round "-"]
[White "cnbcad"]
[Black "mark"]
[Result "1-0"]
[WhiteCountry "USA"]
[BlackCountry "GBR"]
[WhiteElo "1493"]
[WhiteRD "55"]
[BlackElo "1408"]
[BlackRD "98"]
[GameID "83950"]

1. d4 Nf6 2. c4 e5 3. dxe5 Ng4 4. h3 Nxe5 5. e4 Nbc6 6. Bf4 Bb4+ 7. Nd2 Qf6 8. Be3 d6 9. Be2 Be6 10. Nf3 Nxf3+
11. Bxf3 Qxb2 12. O-O Bxd2 13. Qxd2 Qxd2 14. Bxd2 Ne5 15. Be2 Bxc4 16. Bxc4 Nxc4 17. Bc3
1-0

[Event "Budapest for the Tournament Player: 1500 - 2000"]
[Site "SchemingMind.com"]
[Date "2006.12.28"]
[Round "-"]
[White "jtrochez1"]
[Black "mark"]
[Result "1-0"]
[WhiteCountry "HON"]
[BlackCountry "GBR"]
[WhiteElo "1511"]
[WhiteRD "47"]
[BlackElo "1408"]
[BlackRD "98"]
[GameID "83951"]

1. d4 Nf6 2. c4 e5 3. dxe5 Ng4 4. Nf3 Bb4+ 5. Bd2 Bxd2+ 6. Nbxd2 Nc6 7. e3 Qe7 8. h3 Nh6 9. Bd3 Nxe5 10. Be2 Nxf3+
11. Bxf3 Nf5 12. Be2 Nh4 13. Bf3 a5 14. O-O Kd8 15. Qa4 Ra6 16. Rfe1 d6 17. Qd1 Nxf3+ 18. Qxf3 Rb6 19. b3 Be6 20. e4 Ra6
21. e5 Kc8 22. exd6
1-0

[Event "Budapest for the Tournament Player: 1500 - 2000"]
[Site "SchemingMind.com"]
[Date "2007.01.01"]
[Round "-"]
[White "mtrx"]
[Black "mark"]
[Result "1-0"]
[WhiteCountry "PHI"]
[BlackCountry "GBR"]
[WhiteElo "1637"]
[WhiteRD "66"]
[BlackElo "1408"]
[BlackRD "98"]
[GameID "83952"]

1. d4 Nf6 2. c4 e5 3. dxe5 Ng4 4. Nf3 Bc5 5. e3 Bb4+ 6. Bd2 c5 7. a3 Bxd2+ 8. Nbxd2 d6 9. Ne4 O-O 10. exd6 Na6
11. h3 Nh6 12. Be2 Re8 13. Neg5
1-0

[Event "Budapest for the Tournament Player: 1500 - 2000"]
[Site "SchemingMind.com"]
[Date "2006.12.29"]
[Round "-"]
[White "ivan"]
[Black "mark"]
[Result "1-0"]
[WhiteCountry "CRO"]
[BlackCountry "GBR"]
[WhiteElo "1548"]
[WhiteRD "68"]
[BlackElo "1408"]
[BlackRD "98"]
[GameID "83953"]

1. d4 Nf6 2. c4 e5 3. dxe5 Ne4 4. e3 Nc6 5. Bd3 d5 6. cxd5 Qxd5 7. Nf3 Bf5 8. Nc3 Nxc3 9. bxc3 Bxd3 10. Nd4 Qxg2
11. Qxd3
1-0

[Event "Budapest for the Tournament Player: 1500 - 2000"]
[Site "SchemingMind.com"]
[Date "2006.12.29"]
[Round "-"]
[White "ekulrac"]
[Black "mark"]
[Result "0-1"]
[WhiteCountry "SCO"]
[BlackCountry "GBR"]
[WhiteElo "1711"]
[WhiteRD "53"]
[BlackElo "1782"]
[BlackRD "134"]
[GameID "83954"]

1. d4 Nf6 2. c4 e5 3. dxe5 Ne4 4. Qc2 Bb4+ 5. Nc3 d5 6. cxd5 Qxd5 7. Bd2 Qxd2+ 8. Qxd2 Nxd2 9. Kxd2 Nc6 10. e4 Be6
11. Bb5 O-O-O+ 12. Kc2 Nd4+
0-1